000 00603nam a2200229 i 4500
001 C2-0227667
003 PPAK
005 20180728155034.0
008 000726s my |||| ||||| | may d
040 _aPPAK
_beng
_cPPAK
_erda
082 0 4 _a899.233
_223
090 0 0 _a899.233
_bZAK
_dKIH
100 0 _aKelana Jaya,
_eauthor
245 1 0 _aCinta lara di bulan mengambang
264 1 _aTerengganu :
_bH@M.D Rahman ,
300 _a114 pages ;
_c18 cm
336 _2rdacontent
_atext
337 _2rdamedia
_aunmediated
338 _2rdacarrier
_avolume
650 1 0 _aMalay fiction.
942 _ddc
_cB
999 _c147712
_d147712